| 000 | 00434nam a2200157Ia 4500 | ||
|---|---|---|---|
| 008 | 210210b1872 xxu||||| |||| 00| 0 eng d | ||
| 041 | _aeng | ||
| 082 | _a030/24 | ||
| 100 | _aCOOPER (Thomson). | ||
| 245 | _aMen of the time: dictionary of contemporaries containing biographical notices. Ed.8 | ||
| 250 | _a | ||
| 260 |
_aLondon _bGeorge Routledge and Sons _c1872 |
||
| 300 | _avii,1008 | ||
| 690 | _aDictionaries | ||
| 906 | _a000071 | ||
| 999 |
_c76599 _d76599 |
||